Derecho de los mercados (Registro nro. 67806)

Detalles MARC
000 -ENCABEZADO
Número de control [NR] 01261nam a22002537a 4500
005 - FECHA Y HORA DE LA ÚLTIMA TRANSACCIÓN
control field 20250716152203.0
008 - DE LONGITUD FIJA DE DATOS DE ELEMENTOS - INFORMACIÓN GENERAL
Elementos de longitud fija [NR] 130821s2010 ck gr spa
020 ## - NUMERO INTERNACIONAL NORMALIZADO PARA LIBROS [R]
Número Internacional Normalizado del libro [NR] 9789586536158
040 ## - FUENTE DE CATALOGACION [NR]
Agencia de catalogación original [NR] Co-BoUCM
Idioma de catalogación [NR] spa
Quien Cataloga Deissy Garcia (modificó)
Quien Clasifica David Moreno (modificó)
041 00 - CODIGO DE IDIOMA [R]
Código de idioma para texto/pista de sonido o título separado [R] Español
245 00 - MENCION DE TITULO [NR]
Título [NR] Derecho de los mercados
Parte restante del título [NR] propiedad industrial, competencia, protección al consumidor
Mención de responsabilidad, etc. [NR] edición dirigida por Jairo Rubio Escobar
260 ## - PUBLICACION, DISTRIBUCION, ETC. (PIE DE IMPRENTA) [R]
Lugar de publicación, distribución, etc. [R] Bogotá (Colombia)
Nombre del editor, distribuidor, etc. [R] Legis
Fecha de publicación, distribución, etc. [R] 2010
300 ## - DESCRIPCION FISICA [R]
Extensión [R] 713 Páginas
Material acompañante [NR] 1 CD-ROM
505 ## - NOTA DE CONTENIDO CON FORMATO PREESTABLECIDO [R]
Nota de contenido con formato preestablecido [NR] El CD-ROM contiene una recopilación de algunas decisiones de la Superintendencia de Industria y Comercio sobre integraciones empresariales adoptadas en el periodo de 2003 al 2007.
650 04 - ASIENTO SECUNDARIO DE MATERIA - TERMINO TEMATICO [R]
Término temático o nombre geográfico como elemento de entrada [NR] Competencia económica
Subdivisión general [R] Legislación
9 (RLIN) 179192
650 04 - ASIENTO SECUNDARIO DE MATERIA - TERMINO TEMATICO [R]
Término temático o nombre geográfico como elemento de entrada [NR] Derecho antimonopolio
9 (RLIN) 12717
Subdivisión geográfica [R] Colombia
650 04 - ASIENTO SECUNDARIO DE MATERIA - TERMINO TEMATICO [R]
Término temático o nombre geográfico como elemento de entrada [NR] Derecho comercial
Subdivisión general [R] Legislación
9 (RLIN) 64335
650 04 - ASIENTO SECUNDARIO DE MATERIA - TERMINO TEMATICO [R]
Término temático o nombre geográfico como elemento de entrada [NR] Propiedad industrial
Subdivisión general [R] Legislación
9 (RLIN) 7983
650 04 - ASIENTO SECUNDARIO DE MATERIA - TERMINO TEMATICO [R]
Término temático o nombre geográfico como elemento de entrada [NR] Protección del consumidor
Subdivisión general [R] Legislación
9 (RLIN) 22642
700 1# - ASIENTO SECUNDARIO - NOMBRE PERSONAL [R]
Nombre personal [NR] Rubio Escobar, Jairo
9 (RLIN) 101726
710 2# - ASIENTO SECUNDARIO - NOMBRE CORPORATIVO [R]
Nombre corporativo o de jurisdicción como elemento de entrada [NR] Colombia.
Unidad subordinada [R] MInisterio de Comercio, Industria y Turismo.
-- Superintendencia de Industria y Comercio
9 (RLIN) 101727
942 ## - ELEMENTOS DE ENTRADA AGREGADOS (KOHA)
Tipo de ítem principal el descrito en 300a Libro
Tema principal Derecho
Edición 1
Parte restante de la signatura top. D431
Sistema de clasificación DEWEY
Clasificación 346.07
Título oculto en OPAC No
Existencias
Fecha de último préstamo Total préstamos Total Renewals Signatura topográfica Código de barras Última vez visto Ejemplar Price effective from Tipo de ítem Perdido Sistema de clasificación Dañado No prestable Tipo de ítem específico Suprimido Ubicación habitual Ubicación actual Localización Fecha de creación Forma de adquisición Costo Volúmen / Fascículo
03/04/2017 39 3 346.07 D431 100106373 09/12/2025 Ej.2 03/02/2013 Libro   DEWEY     Libro   Claustro Claustro 3er piso 30/09/2010 Compra 72250.00  
15/07/2010 1   346.07 D431 100092810 10/12/2024 Ej.1 03/02/2013 Multimedia   DEWEY     CD-Rom   Claustro Claustro Colección digital 19/02/2013 Compra 75000.00 CD-ROM
15/07/2010     346.07 D431 100106399 10/12/2024 Ej.2 03/02/2013 Multimedia   DEWEY     CD-Rom   Claustro Claustro Colección digital 19/02/2013 Compra 72250.00 CD-ROM
01/09/2010     346.07 D431 100106934 10/12/2024 Ej.3 03/02/2013 Multimedia   DEWEY     CD-Rom   Claustro Claustro Colección digital 28/02/2010 Compra 81000.00 CD-ROM
14/10/2022 32 13 346.07 D431 100106933 09/12/2025 Ej.1 03/02/2013 Libro   DEWEY     Libro   Claustro Claustro 3er piso 28/02/2010 Desconocido 81000.00